00667nam a2200181 a 450000100060000000300090000600500170001500800410003202000150007304000280008808200180011610000320013424500400016626000500020630000110025650501840026765000340045122693CO-ViMGA20230915231629.0141112s2004 ck r 000 u spa d a9588060109 aCO-ViMGAbspacCO-ViMGA04a526.982 G659f1 aGonzález Fletcher, Alvaro10aFundamentos de fotointerpretación aColombia : bEscuela Colombiana de Ingenieria a60 Pag aIntroduccion, Fundamentos de fotointerpretacion , Elementos de fotointerpretacion, Carateristicas fotograficas generales de las principales rocas, Definicion de algunos terminos14aINTERPRETACION DE FOTOGRAFIAS